01039 2200337 4500001002100000005001500021035002000036007000300056008004100059020002200100040002200122082001200144100002800156245009000184250003100274300005000305650003300355700003000388850001200418041001300430504002900443264003200472336002100504337003000525338002300555999002200578546004300600084001400643090002200657990002200679INLIS00000000086023520210525091942 a0010-0521000816ta210525s2019 yoia g ind d a978-623-209-853-4 aYOPDYOGbinderda04223a4280 aAhmad Sunandarepenulis10aCan't stop talking english (intermediate student) /cAhmad Sunandar, Makmun Syaifudin aCetakan pertama, Juli 2019 avi, 134 halaman :bilustrasi, gambar ;c20 cm 4aBahasa Inggris--xPercakapan0 aMakmun Syaifudinepenulis aYOPDYOG0 aindgeng aBibliografi: halaman 13231aSleman :bDeepublish,c2019 2rdacontentateks 2rdamediaatanpa perantara 2rdacarrieravolume aCB-D.11/2019-4048 ateks diterjemahkan dari bahasa inggris a428 AHM c aCB-D.11 2019-4048 aCB-D.11/2019-4048